| 000 | 01513cam a22002653a 4500 | ||
|---|---|---|---|
| 001 | 31278 | ||
| 003 | PGUSA | ||
| 005 | 20140828083657.0 | ||
| 008 | 100215s2010||||xxu|||||s|||||000 | eng d | ||
| 040 |
_aPGUSA _beng |
||
| 042 | _adc | ||
| 050 | 4 | _aD | |
| 100 | 1 |
_aActon, John Emerich Edward Dalberg Acton, Baron, _d1834-1902 |
|
| 245 | 1 | 4 |
_aThe History of Freedom, and Other Essays _h[electronic resource] / _cJohn Emerich Edward Dalberg Acton, Baron Acton |
| 260 |
_bProject Gutenberg, _c2010 |
||
| 505 | 0 | _aThe history of freedom in antiquity -- The history of freedom in Christianity -- Sir Erskine May's Democracy in Europe -- The massacre of St. Bartholomew -- The Protestant theory of persecution -- Political thoughts on the church -- Introduction to L.A. Burd's Edition of Il principe by Machiavelli -- Mr. Goldwin Smith's Irish history -- Nationality -- Döllinger on the temporal power -- Döllinger's historical work -- Cardinal Wiseman and the Home and foreign review -- Conflicts with Rome -- The Vatican Council -- A history of the Inquisition of the Middle Ages / by Henry Charles Lea -- The American commonwealth / by James Bryce -- Historical philosophy in France and French Belgium and Switzerland / by Robert Flint. | |
| 506 | _aPublic domain in the USA. | ||
| 516 | _aElectronic text | ||
| 653 | _aLiberty -- History | ||
| 653 | _aHistory | ||
| 653 | _aHistory -- Philosophy | ||
| 830 | 0 |
_aProject Gutenberg _v31278 |
|
| 856 | 4 | 0 | _uhttp://www.gutenberg.org/ebooks/31278 |
| 942 | _cEB | ||
| 999 |
_c260533 _d260533 |
||